| 000 | 00866nam a2200253Ia 4500 | ||
|---|---|---|---|
| 003 | OSt | ||
| 005 | 20220923211234.0 | ||
| 006 | a|||||r|||| 00| 0 | ||
| 007 | ta | ||
| 008 | Pun | ||
| 020 |
_a9788171435814 (hbk) _c140 |
||
| 024 | _a275,554 | ||
| 037 |
_b673, 04/06/2013, H.K. Prakashan _cTextual |
||
| 040 |
_aARTS _cARTS _bPun |
||
| 041 |
_2Pun _aPun |
||
| 082 | _aO153:g(Y5927), Q2 | ||
| 100 | _aਸਿੰਘ, ਮਹਿਲ, ਥਦ. | ||
| 245 | 0 |
_aਦਲਿਤ ਸਰੋਕਾਰ _b ਸਿਧਾਂਤ ਤੇ ਵਿਹਾਰ |
|
| 260 |
_aਅੰਮ੍ਰਿਤਸਰ _b ਰਵੀ ਸਾਹਿਤ ਪ੍ਰਕਾFਨ _c2012 |
||
| 300 |
_a128ਪੰ _ccm. |
||
| 650 | _aਪੰਜਾਬੀ ਸਾਹਿਤ | ||
| 942 |
_hO153:g(Y5927), Q2 _cTEXL _2CC |
||
| 999 |
_c297458 _d297458 |
||